Olduğu gibi : (Record no. 14578)

MARC details
000 -BAŞLIK
Sabit Uzunlukta Kontrol Alanı 00825nam a22002297a 4500
999 ## - SİSTEM KONTROL NUMARALARI (KOHA)
Koha Biblionumber 14578
Koha Biblioitemnumber 14578
003 - KONTROL NUMARASI IDENTIFIER
Denetim Alanı MIRAKIL
005 - SON İŞLEM TARİHİ VE ZAMANI
Denetim Alanı 20211214000620.0
008 - SABİT-BOY VERİ ELEMANLARI - GENEL BİLGİLER
Sabit Uzunlukta Kontrol Alanı 211026b tu ||||| |||| 00| 0 tur d
040 ## - KATALOGLAMA KAYNAK
Orijinal Kataloglama Ajansı TR-AnCHP
Metne Dönüştürmek Ajansı TR-AnCHP
041 ## - DİL KODU
Özet Veya Soyut Bir Dil Kodu Tur
082 ## - DEWEY ONLU SINIFLANDIRMA NUMARASI
Sınıflandırma Numarası 324.2561092
Ürün Numarası K25o 1979
100 ## - ANA GİRİŞ - KİŞİSEL İSİM
Kişisel Ad Kanbolat, Yahya
245 10 - BAŞLIK TABLOSU
Başlık Olduğu gibi :
Başlığın Kalan Türkiye İşçi Partisi üzerine anılar /
Sorumluluk Tablosu, Vb Yahya Kanbolat
246 ## - UNVAN FORM VARYING
Başlık Doğru / Kısa Başlığı Türkiye İşçi Partisi üzerine anılar
260 ## - YAYIN, DAĞITIM, VB
Yayın, Dağıtım, Vb Yeri Hatay :
Yayıncı, Dağıtıcı, Vs Adı Bayır Yayınları,
Yayın, Dağıtım, Vb Tarihi 1979.
300 ## - FİZİKSEL TANIM
Kapsam 164 s.:
Boyutlar 20 sm.
600 #0 - KONU KATMA GİRİŞ - KURUMSAL ADI
9 (RLIN) 6780
Kişisel Ad Kanbolat, Yahya
Başlıklar Ve Bir Adla İlişkili Diğer Kelimeler TİP Eski Genel Sekreteri ve Hatay Milletvekili
Bir Adıyla İlişkilendirilen Tarihler 1928-2000
Genel Alt Bölümü Anılar
650 #0 - KONU KATMA GİRİŞ - TOPİKAL DÖNEM
Topikal Süreli Veya Coğrafi Ad Giriş Elemanı Siyaset ve yönetim
Genel Alt Bölümü Türkiye
9 (RLIN) 9
650 #0 - KONU KATMA GİRİŞ - TOPİKAL DÖNEM
9 (RLIN) 804
Topikal Süreli Veya Coğrafi Ad Giriş Elemanı Siyasi partiler
Genel Alt Bölümü Türkiye İşçi Partisi
740 ## - KATMA GİRİŞ - KONTROLSUZ İLGİLİ / ANALİTİK BAŞLIK
Kontrol Edilmeyen / İlgili Analitik Başlıktaki Türkiye İşçi Partisi üzerine anılar
942 ## - EKLENDİ GİRİŞ ELEMANLARI (KOHA)
Sınıflandırma Veya Raf Düzeni Kaynak Dewey Decimal Classification
Koha Öğesi Türü Books
Holdings
Kalıcı Konum Mevcut Konum Edinme Tarihi Toplam Check-Out'Lar Tam Çağrı Numarası Barkod Tarih Son Görülme İtibaren Geçerli Fiyatlar Sigara Kamu Notu Koha Öğesi Türü
CHP Kütüphanesi CHP Kütüphanesi 10/26/2021   324.2561092 K25o 1979 020074 10/26/2021 10/26/2021 Emin Değer Bağışıdır. Books